Statistics for Geometry Dash Creators

Click here to take the quiz!

General Stats

  • This quiz has been taken 301 times
  • The average score is 14 of 30

Answer Stats

Famous LevelAnswer% Correct
BloodbathRiot
96%
DeadlockedRub Rub
87%
Nine CirclesZobros
83%
Cataclysm / UltrasonicGgboy
80%
Sonic WaveCyclic
73%
Fire TempleMichigun
67%
SiriusFunny Game
63%
TOE 2 v2Neptune
63%
SupersonicZenthic Alpha
62%
The Ultimate Phase / PoltergeistAndromeda
61%
Theory of Skrillex / Sakupen HellNoobas
60%
Windy LandscapeWoogi
60%
Buck ForceRobbuck
54%
Ice carbon Diablo XRoadbose
50%
FairydustSuper Pizza Luigi
50%
DecodeRek3dge
49%
RegretViprin
48%
Silent Circles / Silent ClubstepSailent
44%
ProblematicDhafin
38%
Astronaut 13Minesap
37%
Doomsday X / EightoEtzer
33%
Ultimate ParacosmRulas
22%
The final stageSerponge
22%
Chaoz AirflowSumsar
22%
Blood Menace / HeadrushToxic
18%
SillhouetteHavok
17%
LightwaveSplentic
11%
Makes 2 & 3 star levelsTriaxis
11%
Doesn't make levelsGuitar Hero Styles
5%
No famous levels rlyCreepy Dash
1%

Score Distribution

Percentile by Number Answered

Percent of People with Each Score

Your Score History

You have not taken this quiz